000 00595nam a2200181Ia 4500
008 151202s9999||||xx |||||||||||||| ||und||
082 _bPNVM-56713
100 _aमहावदीवार रमेश.
245 _aउगवती सांज.
260 _b"इंद्रायणी साहित्य,पुणे."
260 _c1993
300 _a195
600 _aमहावदीवार रमेश.
630 _aउगवती सांज.
700 _aमहावदीवार रमेश.
730 _aउगवती सांज.
942 _cBOOK
999 _c1323251
_d1323248